LearningPlus (Record no. 13089)
[ view plain ]
| 000 -LEADER | |
|---|---|
| fixed length control field | 01597cgm a2200337Ia 4500 |
| 001 - CONTROL NUMBER | |
| control field | 13089 |
| 003 - CONTROL NUMBER IDENTIFIER | |
| control field | OCoLC |
| 005 - DATE AND TIME OF LATEST TRANSACTION | |
| control field | 20250705093434.0 |
| 007 - PHYSICAL DESCRIPTION FIXED FIELD--GENERAL INFORMATION | |
| fixed length control field | vf cbahou |
| 008 - FIXED-LENGTH DATA ELEMENTS--GENERAL INFORMATION | |
| fixed length control field | 990305s1993 nju017 vleng d |
| 020 ## - INTERNATIONAL STANDARD BOOK NUMBER | |
| International Standard Book Number | 0886851548 |
| 040 ## - CATALOGING SOURCE | |
| Original cataloging agency | BSULIB |
| 082 ## - DEWEY DECIMAL CLASSIFICATION NUMBER | |
| Classification number | 370.33 |
| Item number | GET |
| 245 00 - TITLE STATEMENT | |
| Title | LearningPlus |
| Medium | self-paced learning skills and strategies |
| Remainder of title | an innovative instructional handbook for building mathematics skills / |
| Statement of responsibility, etc | developed by Educational Testing Service |
| 246 1# - VARYING FORM OF TITLE | |
| Display text | Container title: |
| Title proper/short title | LearningPlus, self-paced learning skills and strategies |
| 246 30 - VARYING FORM OF TITLE | |
| Title proper/short title | LearningPlus |
| 246 3# - VARYING FORM OF TITLE | |
| Title proper/short title | Learning plus |
| 246 38 - VARYING FORM OF TITLE | |
| Title proper/short title | Learning plus self-paced learning skills and strategies |
| 260 ## - PUBLICATION, DISTRIBUTION, ETC. (IMPRINT) | |
| Place of publication, distribution, etc | [Princeton, N.J.] : |
| Name of publisher, distributor, etc | Educational Testing Service, |
| Date of publication, distribution, etc | c1996 |
| 300 ## - PHYSICAL DESCRIPTION | |
| Extent | ix, 451 p. : |
| Other physical details | ill. ; |
| Dimensions | 22 cm. |
| 520 ## - SUMMARY, ETC. | |
| Summary, etc | Introduced by Dr. Paul A. Ramsey, ETS specialists explain the LearningPlus software developed by ETS which enables adult students to develop, upgrade, and enhance their learning skills in reading, writing and math. The software includes preparation modules for the Pre-Professional Skills Test (PPST) and Praxis I: CBT |
| 538 ## - SYSTEM DETAILS NOTE | |
| System details note | VHS |
| 630 00 - SUBJECT ADDED ENTRY--UNIFORM TITLE | |
| Uniform title | Pre-Professional Skills Test |
| General subdivision | Study guides |
| 9 (RLIN) | 25414 |
| 630 00 - SUBJECT ADDED ENTRY--UNIFORM TITLE | |
| Uniform title | Praxis I: CBT |
| General subdivision | Study guides |
| 9 (RLIN) | 25415 |
| 650 #0 - SUBJECT ADDED ENTRY--TOPICAL TERM | |
| Topical term or geographic name as entry element | Computer-assisted instruction |
| General subdivision | Computer programs |
| Form subdivision | Handbooks, manuals, etc |
| 9 (RLIN) | 25416 |
| 650 #0 - SUBJECT ADDED ENTRY--TOPICAL TERM | |
| Topical term or geographic name as entry element | Computer-assisted instruction |
| General subdivision | Software |
| 9 (RLIN) | 25417 |
| 650 #0 - SUBJECT ADDED ENTRY--TOPICAL TERM | |
| Topical term or geographic name as entry element | Examinations |
| General subdivision | Study guides |
| 9 (RLIN) | 25418 |
| 700 1# - ADDED ENTRY--PERSONAL NAME | |
| Personal name | Ramsey, Paul A |
| 9 (RLIN) | 25419 |
| 710 2# - ADDED ENTRY--CORPORATE NAME | |
| Corporate name or jurisdiction name as entry element | Educational Testing Service |
| 9 (RLIN) | 25420 |
| 942 ## - ADDED ENTRY ELEMENTS (KOHA) | |
| Source of classification or shelving scheme | Dewey Decimal Classification |
| Item type | Books |
| Withdrawn status | Lost status | Source of classification or shelving scheme | Damaged status | Not for loan | Home library | Current library | Shelving location | Date acquired | Inventory number | Total Checkouts | Full call number | Barcode | Date last seen | Copy number | Price effective from | Koha item type | Public note |
|---|---|---|---|---|---|---|---|---|---|---|---|---|---|---|---|---|---|
| Dewey Decimal Classification | Main Library | Main Library | Open Shelves | 05/07/2025 | 24119 | 370.33 GET | bsu25070630 | 05/07/2025 | 001 | 05/07/2025 | Books | Material available in hardcopy |